000 01001nam a2200253 4500
001 9646
003 ES-MaACL
005 20230906145728.0
008 931118m1987 sp h |||| | spa d
080 _a91(85)"17":091.07
080 _a502(85):091.07
100 1 _aMartínez Compañón, Baltasar Jaime.
_977949
245 1 0 _aTrujillo del Perú /
_cMartínez Compañón.
260 _aMadrid :
_bAgencia Española de Cooperación Internacional :
_bCultura Hispánica,
_c[1987]
300 _a2 v. :
_bprincipalmente il. col. ;
_c24 cm.
505 1 _aVol. VIII-IX
534 _pReprod. facsímil del manuscrito de la Biblioteca de Palacio de Madrid.
650 1 4 _aNaturaleza-
_zPerú-
_vObras anteriores a 1800.
_9142620
651 4 _aPerú-
_xDescripción-
_vObras anteriores a 1800.
_9142621
651 4 _aPerú-
_vObras ilustradas.
_9142625
710 2 _aPalacio Real (Madrid).
_bBiblioteca.
_96101
710 2 _aAgencia Española de Cooperación Internacional.
_91266
852 4 _a BA
_jL-17195-96
999 _c9646
_d9646